00554cam a22001937a 4500003000500000005001700005008004100022010001000063011001000073035001000083040000900093100002500102245004300127260003600170300001900206490005300225650002900278830005300307CHAP20220329140415.0971013s1975 r 00010 d a51517 a52489 a56639 cCHAP00aToussaint, Florence. 0aCrítica de la información de masas aMéxico, D.F. :bANUIES,c1975 a98 p.b: ilus. 0aTemas básicos. Taller de lectura y redacción14aComunicación de masas.0 aTemas básicos. Taller de lectura y redacción